[Event "2007 U.S. Masters Championship"]
[Site "Hendersonville, NC"]
[Date "2007.03.10"]
[Round "1.1"]
[White "Ardaman, Miles F"]
[Black "Pohl, Klaus A"]
[Result "1-0"]
[WhiteElo "2398"]
[BlackElo "2215"]
[PlyCount "55"]
[EventDate "2007.03.10"]
[EventType "swiss"]
[EventRounds "9"]
[EventCountry "USA"]
[Source "Kevin Hyde"]
[SourceDate "2007.03.18"]

1. b4 e6 2. Bb2 Nf6 3. a3 b6 4. e3 Bb7 5. f4 c5 6. b5 d6 7. Nf3 Nbd7 8. a4 Qc7
9. Na3 d5 10. g3 c4 11. Bh3 Bb4 12. Bxf6 Nxf6 13. c3 Bd6 14. Nc2 h6 15. Ncd4
Ne4 16. O-O g5 17. Bxe6 fxe6 18. Nxe6 Qe7 19. Nfd4 Rh7 20. a5 gxf4 21. a6 fxg3
22. Qh5+ Kd7 23. h3 g2 24. Rf4 Rg8 25. axb7 Rg5 26. Rxa7 Bb8 27. Nxg5 hxg5 28.
Qg4+ 1-0

[Event "2007 U.S. Masters Championship"]
[Site "Hendersonville, NC"]
[Date "2007.03.10"]
[Round "1.1"]
[White "Wheeler, Jerry T"]
[Black "Gulamali, Kazim"]
[Result "1/2-1/2"]
[WhiteElo "2200"]
[BlackElo "2397"]
[PlyCount "63"]
[EventDate "2007.03.10"]
[EventType "swiss"]
[EventRounds "9"]
[EventCountry "USA"]
[Source "Kevin Hyde"]
[SourceDate "2007.03.18"]

1. Nf3 Nf6 2. c4 g6 3. d4 Bg7 4. Nc3 O-O 5. g3 d6 6. Bg2 Nc6 7. O-O a6 8. a3
Na5 9. Qa4 c5 10. dxc5 dxc5 11. Ne5 Nd7 12. Nd3 e6 13. Ne4 Qb6 14. Be3 Nb3 15.
Rad1 f5 16. Ng5 Re8 17. Nf4 Nf6 18. Rd3 Nd4 19. b4 Bd7 20. Qd1 Qc7 21. Bxd4
cxd4 22. Rxd4 h6 23. Rxd7 Qxd7 24. Ngxe6 Qxd1 25. Rxd1 g5 26. Nxg7 Kxg7 27. Nd5
Rad8 28. e3 b5 29. c5 Re5 30. Nc3 Rxd1+ 31. Nxd1 Ne4 32. Kf1 1/2-1/2

[Event "2007 U.S. Masters Championship"]
[Site "Hendersonville, NC"]
[Date "2007.03.10"]
[Round "1.1"]
[White "Andrews, Todd D"]
[Black "Christensen, Wayne"]
[Result "1-0"]
[WhiteElo "2366"]
[BlackElo "2149"]
[PlyCount "67"]
[EventDate "2007.03.10"]
[EventType "swiss"]
[EventRounds "9"]
[EventCountry "USA"]
[Source "Kevin Hyde"]
[SourceDate "2007.03.18"]

1. e4 e5 2. Nf3 Nc6 3. Bb5 a6 4. Ba4 Nf6 5. O-O Be7 6. Qe2 b5 7. Bb3 d6 8. c3
O-O 9. h3 Na5 10. Bc2 c5 11. d4 Qc7 12. d5 Bd7 13. b3 Ne8 14. Rd1 g6 15. Bh6
Ng7 16. Nbd2 Rac8 17. Nf1 Nb7 18. g4 Nd8 19. Ng3 f6 20. Kg2 Nf7 21. Bd2 Kh8 22.
Rh1 Rg8 23. Rag1 Rcf8 24. Kf1 Qc8 25. Ne1 f5 26. exf5 gxf5 27. gxf5 Bh4 28. f6
Bxh3+ 29. Ng2 Bxg3 30. Bxh7 Nh6 31. Qd3 Rxf6 32. Qxg3 Bxg2+ 33. Qxg2 Ngf5 34.
Bxg8 1-0

[Event "2007 U.S. Masters Championship"]
[Site "Hendersonville, NC"]
[Date "2007.03.10"]
[Round "1.1"]
[White "Tae, Patrick John"]
[Black "Francisco, Richard"]
[Result "0-1"]
[WhiteElo "2125"]
[BlackElo "2234"]
[PlyCount "96"]
[EventDate "2007.03.10"]
[EventType "swiss"]
[EventRounds "9"]
[EventCountry "USA"]
[Source "Kevin Hyde"]
[SourceDate "2007.03.18"]

1. e4 e5 2. Nf3 Nc6 3. Bc4 Nf6 4. d3 Be7 5. O-O O-O 6. Re1 d6 7. c3 Na5 8. Bb5
a6 9. Ba4 b5 10. Bc2 c5 11. Nbd2 Qc7 12. Nf1 Nc6 13. Ne3 Rd8 14. Bb3 Be6 15.
Nd5 Bxd5 16. exd5 Na5 17. c4 Rab8 18. Nd2 Nd7 19. f4 Bh4 20. g3 Bf6 21. f5 e4
22. Nxe4 Bd4+ 23. Kg2 Rb6 24. Bd2 Rb7 25. Bc3 Bxc3 26. Nxc3 bxc4 27. dxc4 Ne5
28. f6 gxf6 29. Rf1 Kh8 30. Qh5 Rg8 31. Bc2 Rg7 32. b3 Naxc4 33. bxc4 Qa5 34.
Ne4 Ng4 35. Nxd6 Qd2+ 36. Kh1 Qxc2 37. Rae1 Rg5 38. Qh3 Rd7 39. Ne4 Rg6 40. Qg2
Qxc4 41. Rc1 Qxd5 42. Nxc5 Qxg2+ 43. Kxg2 Rd2+ 44. Kg1 Rxa2 45. Ra1 Rxh2 46.
Rxa6 Rgh6 47. Rfa1 R6h3 48. R1a3 f5 0-1

[Event "2007 U.S. Masters Championship"]
[Site "Hendersonville, NC"]
[Date "2007.03.10"]
[Round "1.1"]
[White "Harris, Neal D"]
[Black "Fouts, Matthew"]
[Result "0-1"]
[WhiteElo "2215"]
[BlackElo "2043"]
[PlyCount "94"]
[EventDate "2007.03.10"]
[EventType "swiss"]
[EventRounds "9"]
[EventCountry "USA"]
[Source "Kevin Hyde"]
[SourceDate "2007.03.18"]

1. e4 c5 2. Nf3 d6 3. d4 cxd4 4. Nxd4 Nf6 5. Nc3 Nc6 6. Bg5 Qa5 7. Bb5 Bd7 8.
Nb3 Qd8 9. O-O Rc8 10. Re1 e6 11. a4 Ne5 12. Nd4 Rc5 13. f4 Nc4 14. b4 Rc8 15.
Kh1 h6 16. Bxf6 Qxf6 17. e5 Qxf4 18. Rf1 Qxe5 19. Bxd7+ Kxd7 20. Rxf7+ Be7 21.
Qf3 d5 22. Nce2 Rhf8 23. Rxf8 Rxf8 24. Qd3 Rf2 25. Rd1 Bd6 26. Ng3 Qe3 27. Qg6
Qe5 28. Nf3 Qf6 29. Qd3 a6 30. Kg1 Nb2 31. Kxf2 Nxd3+ 32. Rxd3 Bxb4 33. c4 Bc5+
34. Ke2 Qb2+ 35. Rd2 Qb3 36. cxd5 Qe3+ 37. Kf1 exd5 38. Rxd5+ Kc6 39. Rd2 g5
40. Nf5 Qf4 41. N5d4+ Kb6 42. g3 Qe3 43. Re2 Qc1+ 44. Kg2 g4 45. a5+ Ka7 46.
Rc2 gxf3+ 47. Kxf3 Qd1+ 0-1

[Event "2007 U.S. Masters Championship"]
[Site "Hendersonville, NC"]
[Date "2007.03.10"]
[Round "1.1"]
[White "Holmes, Adam A"]
[Black "Marsh, Matthew L"]
[Result "0-1"]
[WhiteElo "2027"]
[BlackElo "1882"]
[PlyCount "70"]
[EventDate "2007.03.10"]
[EventType "swiss"]
[EventRounds "9"]
[EventCountry "USA"]
[Source "Kevin Hyde"]
[SourceDate "2007.03.18"]

1. e4 c5 2. Nf3 d6 3. d4 cxd4 4. Nxd4 Nf6 5. Nc3 a6 6. Rg1 b5 7. g4 Bb7 8. Bg2
Qc7 9. g5 Nfd7 10. a4 bxa4 11. Rxa4 e6 12. Be3 Nb6 13. Rb4 N8d7 14. Qh5 g6 15.
Qe2 Be7 16. Na4 d5 17. Rxb6 Nxb6 18. Nxe6 fxe6 19. Nxb6 Rd8 20. exd5 exd5 21.
Bd4 Rf8 22. Bh3 Rd6 23. Qe3 Qxc2 24. Bc5 Qxc5 25. Qxc5 Re6+ 26. Qe3 Rxe3+ 27.
fxe3 Bc5 28. Nd7 Bxe3 29. Rg2 Rf7 30. Re2 d4 31. Nf6+ Kd8 32. Be6 Re7 33. Bd5
d3 34. Bxb7 dxe2 35. Bxa6 Bf2+ 0-1

[Event "2007 U.S. Masters Championship"]
[Site "Hendersonville, NC"]
[Date "2007.03.10"]
[Round "2.1"]
[White "Francisco, Richard"]
[Black "Ardaman, Miles F"]
[Result "1/2-1/2"]
[WhiteElo "2234"]
[BlackElo "2398"]
[PlyCount "79"]
[EventDate "2007.03.10"]
[EventType "swiss"]
[EventRounds "9"]
[EventCountry "USA"]
[Source "Kevin Hyde"]
[SourceDate "2007.03.18"]

1. e4 b6 2. d4 Bb7 3. Bd3 Nc6 4. Nf3 Nb4 5. Bc4 e6 6. c3 d5 7. exd5 Nxd5 8. Ne5
a6 9. O-O Ngf6 10. Nd2 b5 11. Bb3 Bd6 12. Ndf3 h6 13. Bc2 g5 14. Qd3 Rg8 15. h3
Rg7 16. Re1 Kf8 17. a4 Kg8 18. Bd2 Nf4 19. Bxf4 gxf4 20. Kh2 Rb8 21. axb5 axb5
22. Qd2 Kh8 23. Kh1 Nd5 24. Ra5 Qg8 25. Ng4 h5 26. Nh6 Qe8 27. Nf5 Rg8 28. Qd3
Nf6 29. Nxd6 cxd6 30. Qd2 Bxf3 31. gxf3 e5 32. dxe5 dxe5 33. Qd6 Qd8 34. Ra6
Qxd6 35. Rxd6 Ne8 36. Rh6+ Kg7 37. Rxh5 Nd6 38. Rexe5 Rh8 39. Rd5 Rb6 40. Kh2
1/2-1/2

[Event "2007 U.S. Masters Championship"]
[Site "Hendersonville, NC"]
[Date "2007.03.10"]
[Round "2.1"]
[White "Fouts, Matthew"]
[Black "Andrews, Todd D"]
[Result "1/2-1/2"]
[WhiteElo "2043"]
[BlackElo "2366"]
[PlyCount "48"]
[EventDate "2007.03.10"]
[EventType "swiss"]
[EventRounds "9"]
[EventCountry "USA"]
[Source "Kevin Hyde"]
[SourceDate "2007.03.18"]

1. e4 c5 2. Nc3 Nc6 3. f4 e6 4. Nf3 g6 5. Bc4 Bg7 6. O-O Nge7 7. f5 d5 8. fxg6
hxg6 9. Bb5 Qd6 10. Bxc6+ Nxc6 11. Nb5 Qe7 12. d3 a6 13. exd5 exd5 14. Re1 Be6
15. Bg5 Qd7 16. Nc3 Kf8 17. Qc1 b5 18. Qf4 Kg8 19. Bf6 Rh5 20. Bxg7 Kxg7 21.
Ne2 Rf5 22. Qg3 Rh8 23. Nf4 Rf6 24. Ne5 Qc8 1/2-1/2

[Event "2007 U.S. Masters Championship"]
[Site "Hendersonville, NC"]
[Date "2007.03.10"]
[Round "2.1"]
[White "Christensen, Wayne"]
[Black "Wheeler, Jerry T"]
[Result "0-1"]
[WhiteElo "2149"]
[BlackElo "2200"]
[PlyCount "70"]
[EventDate "2007.03.10"]
[EventType "swiss"]
[EventRounds "9"]
[EventCountry "USA"]
[Source "Kevin Hyde"]
[SourceDate "2007.03.18"]

1. d4 g6 2. c4 Bg7 3. Nc3 c5 4. d5 b5 5. cxb5 a6 6. bxa6 Nf6 7. Nf3 Bxa6 8. g3
d6 9. Bg2 Nbd7 10. Rb1 O-O 11. O-O Ra7 12. b3 Qa5 13. Bb2 Rb8 14. Re1 Ng4 15.
Qd2 Nge5 16. Nxe5 Bxe5 17. Red1 c4 18. Na4 Qxd2 19. Rxd2 cxb3 20. Bxe5 Nxe5 21.
axb3 Bc4 22. Nc3 Rxb3 23. Rxb3 Bxb3 24. Be4 f5 25. Bg2 Ra1+ 26. Bf1 Bc4 27. Kg2
Ng4 28. Rd4 Ba6 29. Nd1 Kf7 30. h3 Nf6 31. e3 Bb7 32. Bc4 Rc1 33. Bb3 Rc5 34.
f3 Bxd5 35. Bxd5+ Nxd5 0-1

[Event "2007 U.S. Masters Championship"]
[Site "Hendersonville, NC"]
[Date "2007.03.10"]
[Round "2.1"]
[White "Pohl, Klaus A"]
[Black "Holmes, Adam A"]
[Result "1-0"]
[WhiteElo "2215"]
[BlackElo "2027"]
[PlyCount "49"]
[EventDate "2007.03.10"]
[EventType "swiss"]
[EventRounds "9"]
[EventCountry "USA"]
[Source "Kevin Hyde"]
[SourceDate "2007.03.18"]

1. e4 c5 2. Nc3 Nc6 3. Nf3 e6 4. d4 cxd4 5. Nxd4 Nf6 6. Nxc6 bxc6 7. Bd3 d5 8.
O-O Be7 9. Qe2 O-O 10. Bf4 c5 11. Rad1 Qb6 12. exd5 Qxb2 13. Be5 Nd7 14. d6 Bf6
15. Qe4 g6 16. Bxf6 Nxf6 17. Qxa8 Qxc3 18. Qxa7 Bd7 19. Qb6 Nd5 20. Qb7 Rd8 21.
Be4 Nf6 22. Bc6 Qxc2 23. Qc7 Rc8 24. Bxd7 Rxc7 25. dxc7 1-0

[Event "2007 U.S. Masters Championship"]
[Site "Hendersonville, NC"]
[Date "2007.03.10"]
[Round "2.1"]
[White "Allen, Mark H"]
[Black "Tae, Patrick John"]
[Result "0-1"]
[WhiteElo "1869"]
[BlackElo "2125"]
[PlyCount "76"]
[EventDate "2007.03.10"]
[EventType "swiss"]
[EventRounds "9"]
[EventCountry "USA"]
[Source "Kevin Hyde"]
[SourceDate "2007.03.18"]

1. e4 e5 2. f4 exf4 3. Bc4 Nf6 4. Nc3 Bb4 5. Nf3 O-O 6. O-O Bxc3 7. dxc3 d6 8.
Bxf4 Bg4 9. Qe1 Nbd7 10. Nd4 Ne5 11. Bd3 c5 12. Nf5 Bxf5 13. Bxe5 dxe5 14. Rxf5
Qb6 15. Bc4 Qxb2 16. Rb1 Qxc2 17. Rxb7 Rad8 18. Bb3 Qd3 19. Rxe5 c4 20. Ba4 Rb8
21. Ree7 Rxb7 22. Rxb7 Qxe4 23. Re7 Qxe1+ 24. Rxe1 Nd5 25. Bb5 Nxc3 26. Bxc4 g6
27. Re3 Na4 28. Re7 Nb6 29. Bb3 a5 30. Rb7 a4 31. Rxb6 axb3 32. axb3 Rc8 33.
Kf2 Rc2+ 34. Kf3 Rc3+ 35. Kf4 Rc2 36. Kg3 Rc3+ 37. Kh4 Rc2 38. Kh3 h5 0-1

[Event "2007 U.S. Masters Championship"]
[Site "Hendersonville, NC"]
[Date "2007.03.11"]
[Round "3.1"]
[White "Ardaman, Miles F"]
[Black "Wheeler, Jerry T"]
[Result "1-0"]
[WhiteElo "2398"]
[BlackElo "2200"]
[PlyCount "80"]
[EventDate "2007.03.10"]
[EventType "swiss"]
[EventRounds "9"]
[EventCountry "USA"]
[Source "Kevin Hyde"]
[SourceDate "2007.03.18"]

1. b3 e5 2. Bb2 d6 3. e3 Nf6 4. h3 g6 5. Ne2 Bg7 6. d3 Nc6 7. Nd2 Qe7 8. a3 a5
9. c4 d5 10. cxd5 Nxd5 11. g3 O-O 12. Bg2 Be6 13. O-O f5 14. e4 Nb6 15. Qc2 f4
16. d4 Nxd4 17. Bxd4 exd4 18. Nxf4 d3 19. Qxd3 Rxf4 20. gxf4 Rd8 21. Qc2 Bxa1
22. f5 gxf5 23. Rxa1 f4 24. Kh2 Rf8 25. Rg1 Rf7 26. Qc3 Rg7 27. Qxa5 Rg5 28.
Qc3 Qg7 29. Qxg7+ Kxg7 30. Rc1 c6 31. b4 Nd7 32. Nf3 Rh5 33. Rc3 Nf6 34. Nd4
Bd7 35. Ne2 Rh4 36. f3 Kf7 37. a4 h6 38. Rc5 Nh7 39. Nd4 Bxh3 40. Bxh3 Ng5 1-0

[Event "2007 U.S. Masters Championship"]
[Site "Hendersonville, NC"]
[Date "2007.03.11"]
[Round "3.1"]
[White "Fouts, Matthew"]
[Black "Gulamali, Kazim"]
[Result "0-1"]
[WhiteElo "2043"]
[BlackElo "2397"]
[PlyCount "68"]
[EventDate "2007.03.10"]
[EventType "swiss"]
[EventRounds "9"]
[EventCountry "USA"]
[Source "Kevin Hyde"]
[SourceDate "2007.03.18"]

1. e4 e5 2. Bc4 Nf6 3. d3 Nc6 4. Nf3 Be7 5. c3 O-O 6. Nbd2 d6 7. Nf1 Na5 8. Bg5
c6 9. Bxf6 Bxf6 10. Ne3 b5 11. Bb3 Nxb3 12. Qxb3 Be6 13. Qc2 d5 14. O-O d4 15.
cxd4 exd4 16. Nf5 g6 17. Ng3 Qb6 18. Nd2 c5 19. f4 c4 20. e5 Bg7 21. Kh1 Rac8
22. f5 Bd5 23. f6 Bh6 24. Nf5 gxf5 25. Rxf5 Kh8 26. Nf3 Rg8 27. Qf2 Rg6 28. Rh5
Rcg8 29. Rg1 Qb7 30. Nh4 Be3 31. Qf5 Be6 32. Nxg6+ Rxg6 33. Qe4 Bd5 34. Qxg6
fxg6 0-1

[Event "2007 U.S. Masters Championship"]
[Site "Hendersonville, NC"]
[Date "2007.03.11"]
[Round "3.1"]
[White "Andrews, Todd D"]
[Black "Francisco, Richard"]
[Result "1/2-1/2"]
[WhiteElo "2366"]
[BlackElo "2234"]
[PlyCount "72"]
[EventDate "2007.03.10"]
[EventType "swiss"]
[EventRounds "9"]
[EventCountry "USA"]
[Source "Kevin Hyde"]
[SourceDate "2007.03.18"]

1. e4 e5 2. Nf3 Nc6 3. d4 exd4 4. Nxd4 Nf6 5. Nxc6 bxc6 6. e5 Qe7 7. Qe2 Nd5 8.
c4 Ba6 9. Nd2 O-O-O 10. Qe4 Nb6 11. Be2 Re8 12. Nf3 Qe6 13. b3 Bb4+ 14. Bd2
Bxd2+ 15. Kxd2 c5 16. Rhe1 f6 17. a4 Bb7 18. Qe3 d6 19. exf6 Qxf6 20. Qc3 Nd7
21. Qxf6 Nxf6 22. Bd3 Ne4+ 23. Bxe4 Rxe4 24. Rxe4 Bxe4 25. Ne1 Kd7 26. Rc1 Rf8
27. f3 Bg6 28. Nd3 a5 29. Rc3 Bxd3 30. Rxd3 c6 31. g3 Re8 32. f4 Re4 33. Re3
Rxe3 34. Kxe3 d5 35. g4 Ke6 36. Kd3 Kf6 1/2-1/2

[Event "2007 U.S. Masters Championship"]
[Site "Hendersonville, NC"]
[Date "2007.03.11"]
[Round "3.1"]
[White "Tae, Patrick John"]
[Black "Pohl, Klaus A"]
[Result "1-0"]
[WhiteElo "2125"]
[BlackElo "2215"]
[PlyCount "89"]
[EventDate "2007.03.10"]
[EventType "swiss"]
[EventRounds "9"]
[EventCountry "USA"]
[Source "Kevin Hyde"]
[SourceDate "2007.03.18"]

1. e4 d6 2. d4 Nf6 3. Nc3 Nbd7 4. Be3 e5 5. f3 c6 6. Qd2 Be7 7. Bd3 O-O 8. Nge2
Re8 9. O-O d5 10. exd5 cxd5 11. Bb5 e4 12. fxe4 dxe4 13. Ng3 Bb4 14. Bg5 Qb6
15. Bxd7 Nxd7 16. Qf2 Qg6 17. Ncxe4 f6 18. Bd2 Bxd2 19. Qxd2 Rxe4 20. Nxe4 Qxe4
21. Rfe1 Qg6 22. Qe3 Nf8 23. c4 Bd7 24. d5 b6 25. Qd2 Qg4 26. Qd3 Rc8 27. b3
Ng6 28. Re4 Qg5 29. Qe3 Qxe3+ 30. Rxe3 b5 31. Rc1 Rc5 32. b4 Rc7 33. c5 Ne5 34.
c6 Kf7 35. Rf1 Ke7 36. cxd7 Kxd7 37. Ra3 Nc4 38. Ra6 Nd6 39. Re1 Nc8 40. d6 Rc4
41. a3 Rd4 42. Ra5 Rd5 43. Rc1 Rg5 44. Rc7+ Kd8 45. Rc5 1-0

[Event "2007 U.S. Masters Championship"]
[Site "Hendersonville, NC"]
[Date "2007.03.11"]
[Round "3.1"]
[White "Holmes, Adam A"]
[Black "Christensen, Wayne"]
[Result "1/2-1/2"]
[WhiteElo "2027"]
[BlackElo "2149"]
[PlyCount "76"]
[EventDate "2007.03.10"]
[EventType "swiss"]
[EventRounds "9"]
[EventCountry "USA"]
[Source "Kevin Hyde"]
[SourceDate "2007.03.18"]

1. Nf3 d5 2. d4 Nf6 3. c4 c6 4. Nc3 a6 5. cxd5 cxd5 6. Bf4 Nc6 7. h3 Ne4 8. Qb3
Nxc3 9. bxc3 g6 10. e3 Bg7 11. Bd3 O-O 12. O-O Na5 13. Qc2 Bd7 14. Nd2 Rc8 15.
Rac1 b5 16. Qb1 Re8 17. Bg5 Qc7 18. e4 dxe4 19. Nxe4 Be6 20. Nc5 Qd6 21. a4
bxa4 22. Nxa4 Bc4 23. Nb6 Rc6 24. Nxc4 Nxc4 25. Qa2 Qd5 26. Bf4 Rec8 27. Qe2
Qd7 28. Rfe1 e6 29. Be4 Rb6 30. Rb1 Rxb1 31. Rxb1 Nd6 32. Bd2 Nxe4 33. Qxe4 h5
34. Rb7 Qc6 35. Qxc6 Rxc6 36. Rb8+ Kh7 37. Rb7 Kg8 38. Rb8+ Kh7 1/2-1/2

[Event "2007 U.S. Masters Championship"]
[Site "Hendersonville, NC"]
[Date "2007.03.11"]
[Round "4.1"]
[White "Gulamali, Kazim"]
[Black "Ardaman, Miles F"]
[Result "1-0"]
[WhiteElo "2397"]
[BlackElo "2398"]
[PlyCount "74"]
[EventDate "2007.03.10"]
[EventType "swiss"]
[EventRounds "9"]
[EventCountry "USA"]
[Source "Kevin Hyde"]
[SourceDate "2007.03.18"]

1. Nf3 b5 2. d4 Bb7 3. Bf4 e6 4. e3 a6 5. c4 bxc4 6. Bxc4 Nf6 7. Qb3 Ra7 8. Nc3
Nc6 9. Be2 Nb4 10. O-O Be7 11. Bg3 O-O 12. a3 Nbd5 13. Na4 Ne4 14. Qc2 Nxg3 15.
hxg3 d6 16. b4 Qa8 17. Rfc1 Nf6 18. Ne1 Bd8 19. Bf3 Ne4 20. Nc3 f5 21. Nd3 Bg5
22. Bxe4 fxe4 23. Nf4 Rf6 24. Nce2 c6 25. Qxe4 c5 26. Qc2 Be4 27. Qc3 Raf7 28.
f3 Bxf3 29. gxf3 Qxf3 30. Rf1 Qg4 31. bxc5 Bxf4 32. exf4 Qxe2 33. cxd6 Rh6 34.
Rf2 Qe4 35. Rg2 Rh5 36. Re1 Qb7 37. Rxe6 h6 1-0

[Event "2007 U.S. Masters Championship"]
[Site "Hendersonville, NC"]
[Date "2007.03.11"]
[Round "4.1"]
[White "Tae, Patrick John"]
[Black "Andrews, Todd D"]
[Result "1-0"]
[WhiteElo "2125"]
[BlackElo "2366"]
[PlyCount "73"]
[EventDate "2007.03.10"]
[EventType "swiss"]
[EventRounds "9"]
[EventCountry "USA"]
[Source "Kevin Hyde"]
[SourceDate "2007.03.18"]

1. e4 c5 2. c3 Qa5 3. Na3 e6 4. d4 Nf6 5. Nc4 Qc7 6. e5 Nd5 7. Ne3 Nxe3 8. Bxe3
b6 9. Nf3 Bb7 10. a3 Nc6 11. Bd3 Be7 12. O-O f6 13. Bf4 O-O-O 14. Be4 f5 15.
Bd3 h6 16. Bg3 Rdf8 17. h3 g5 18. Re1 h5 19. Kf1 f4 20. Bh2 g4 21. Nd2 Kb8 22.
Rc1 Qd8 23. Be4 g3 24. Bg1 Ba6+ 25. c4 Nxd4 26. f3 Qc7 27. Qa4 Bc8 28. Bxd4
cxd4 29. c5 bxc5 30. b4 Qb6 31. b5 a6 32. Nc4 Qd8 33. bxa6 Ka7 34. Rb1 d5 35.
exd6 Bxd6 36. Qc6 Bxa6 37. Rb7+ 1-0

[Event "2007 U.S. Masters Championship"]
[Site "Hendersonville, NC"]
[Date "2007.03.11"]
[Round "4.1"]
[White "Wheeler, Jerry T"]
[Black "Francisco, Richard"]
[Result "1-0"]
[WhiteElo "2200"]
[BlackElo "2234"]
[PlyCount "59"]
[EventDate "2007.03.10"]
[EventType "swiss"]
[EventRounds "9"]
[EventCountry "USA"]
[Source "Kevin Hyde"]
[SourceDate "2007.03.18"]

1. d4 f5 2. g3 Nf6 3. Bg2 e6 4. c4 c6 5. Nf3 d5 6. O-O Bd6 7. b3 Qe7 8. Qc2 O-O
9. Nc3 Bd7 10. Ne5 Be8 11. f3 Nbd7 12. Nxd7 Qxd7 13. Bg5 Nh5 14. e4 h6 15. Bd2
dxc4 16. bxc4 Bc7 17. Ne2 e5 18. d5 cxd5 19. cxd5 Bb6+ 20. Kh1 fxe4 21. fxe4
Bg6 22. Nc3 Nxg3+ 23. hxg3 Qg4 24. Kh2 Rf2 25. Rxf2 Bxf2 26. Qd3 Rf8 27. Bh3
Rf3 28. Bxg4 Rxd3 29. Be6+ Kh7 30. Be1 1-0

[Event "2007 U.S. Masters Championship"]
[Site "Hendersonville, NC"]
[Date "2007.03.11"]
[Round "4.1"]
[White "Holmes, Adam A"]
[Black "Fouts, Matthew"]
[Result "1/2-1/2"]
[WhiteElo "2027"]
[BlackElo "2043"]
[PlyCount "53"]
[EventDate "2007.03.10"]
[EventType "swiss"]
[EventRounds "9"]
[EventCountry "USA"]
[Source "Kevin Hyde"]
[SourceDate "2007.03.18"]

1. Nf3 d5 2. d4 g6 3. c4 c6 4. cxd5 cxd5 5. Nc3 Bg7 6. Bf4 Nc6 7. e3 Nf6 8. h3
Bf5 9. Be2 O-O 10. Qb3 Na5 11. Qb4 Rc8 12. O-O Re8 13. Ne5 Ne4 14. Nxe4 Bxe4
15. Rac1 Nc6 16. Qxb7 Nxe5 17. Bxe5 Bxe5 18. dxe5 Rb8 19. Qxa7 Rxb2 20. Qa6 Qa8
21. a4 e6 22. Bb5 Qxa6 23. Bxa6 Ra8 24. Bb5 Bc2 25. Ra1 Rb4 26. Bc6 Ra6 27. Bb5
1/2-1/2

[Event "2007 U.S. Masters Championship"]
[Site "Hendersonville, NC"]
[Date "2007.03.11"]
[Round "4.1"]
[White "Christensen, Wayne"]
[Black "Pohl, Klaus A"]
[Result "0-1"]
[WhiteElo "2149"]
[BlackElo "2215"]
[PlyCount "24"]
[EventDate "2007.03.10"]
[EventType "swiss"]
[EventRounds "9"]
[EventCountry "USA"]
[Source "Kevin Hyde"]
[SourceDate "2007.03.18"]

1. d4 d6 2. c4 e5 3. d5 f5 4. Nc3 Nf6 5. g3 Be7 6. Bg2 O-O 7. Nf3 Na6 8. O-O
Qe8 9. Ne1 Qh5 10. Nd3 f4 11. Ne4 Bh3 12. Nxf6+ Rxf6 0-1

[Event "2007 U.S. Masters Championship"]
[Site "Hendersonville, NC"]
[Date "2007.03.12"]
[Round "1.2"]
[White "Pohl, Klaus A"]
[Black "Ehlvest, Jaan"]
[Result "0-1"]
[WhiteElo "2215"]
[BlackElo "2675"]
[PlyCount "46"]
[EventDate "2007.03.10"]
[EventType "swiss"]
[EventRounds "9"]
[EventCountry "USA"]
[Source "Kevin Hyde"]
[SourceDate "2007.03.18"]

1. e4 c5 2. d4 cxd4 3. c3 dxc3 4. Nxc3 Nc6 5. Bc4 e6 6. Nf3 Qc7 7. Qe2 Nf6 8.
O-O Ng4 9. h3 Nge5 10. Nxe5 Nxe5 11. Bb3 a6 12. Be3 b5 13. Rac1 Qb8 14. f4 Nc6
15. f5 Bd6 16. fxe6 dxe6 17. Nd5 Ne5 18. Bd4 exd5 19. Bxe5 Bxe5 20. Bxd5 O-O
21. Rxf7 Rxf7 22. Qh5 Be6 23. Rc8+ Qxc8 0-1

[Event "2007 U.S. Masters Championship"]
[Site "Hendersonville, NC"]
[Date "2007.03.12"]
[Round "1.2"]
[White "Dana, Maurice"]
[Black "Robson, Ray S"]
[Result "0-1"]
[WhiteElo "2205"]
[BlackElo "2330"]
[PlyCount "60"]
[EventDate "2007.03.10"]
[EventType "swiss"]
[EventRounds "9"]
[EventCountry "USA"]
[Source "Kevin Hyde"]
[SourceDate "2007.03.18"]

1. e4 c5 2. Nf3 d6 3. d4 cxd4 4. Nxd4 Nf6 5. Nc3 e6 6. Bc4 Be7 7. a3 O-O 8. Ba2
Nc6 9. O-O Bd7 10. Re1 Nxd4 11. Qxd4 Bc6 12. Bd2 Qc7 13. Rad1 b5 14. Bc1 a5 15.
Rd3 b4 16. Nd1 bxa3 17. bxa3 Bxe4 18. Rxe4 Qxc2 19. Bb2 d5 20. Ree3 Qc7 21. Rg3
Rfe8 22. Qe3 g6 23. Be5 Qd7 24. Qh6 Rac8 25. Rh3 Rc2 26. Bb3 Re2 27. Bc3 Qb5
28. Kf1 Re4 29. a4 Qa6 30. f3 Qxd3+ 0-1

[Event "2007 U.S. Masters Championship"]
[Site "Hendersonville, NC"]
[Date "2007.03.12"]
[Round "1.2"]
[White "Aleskerov, Faik"]
[Black "Ho, Conrad"]
[Result "1-0"]
[WhiteElo "2325"]
[BlackElo "2201"]
[PlyCount "63"]
[EventDate "2007.03.10"]
[EventType "swiss"]
[EventRounds "9"]
[EventCountry "USA"]
[Source "Kevin Hyde"]
[SourceDate "2007.03.18"]

1. e4 e6 2. c4 d5 3. cxd5 exd5 4. exd5 Nf6 5. Nc3 Nxd5 6. Bc4 Nb6 7. Bb3 Nc6 8.
Nge2 Bc5 9. Nb5 O-O 10. d4 Bb4+ 11. Nbc3 Re8 12. O-O Bxc3 13. bxc3 Be6 14. Nf4
Bxb3 15. axb3 Qd7 16. Qf3 Rad8 17. Nd3 a6 18. Qg3 f6 19. Nc5 Qc8 20. h4 Kf7 21.
h5 Re7 22. Ba3 Rde8 23. Qf3 Re2 24. d5 Nb8 25. c4 c6 26. Ne6 cxd5 27. Qxe2 Rxe6
28. Qd3 dxc4 29. Qxh7 c3 30. Qg6+ Kg8 31. h6 Qc7 32. Rfe1 1-0

[Event "2007 U.S. Masters Championship"]
[Site "Hendersonville, NC"]
[Date "2007.03.12"]
[Round "1.2"]
[White "Kobernat, Alan E"]
[Black "Pupols, Viktors"]
[Result "0-1"]
[WhiteElo "2017"]
[BlackElo "2240"]
[PlyCount "60"]
[EventDate "2007.03.10"]
[EventType "swiss"]
[EventRounds "9"]
[EventCountry "USA"]
[Source "Kevin Hyde"]
[SourceDate "2007.03.18"]

1. e4 c6 2. d4 d5 3. f3 Nf6 4. e5 Nfd7 5. Nc3 e6 6. f4 c5 7. Nf3 Nc6 8. Be3
cxd4 9. Nxd4 Bc5 10. Qd2 a6 11. O-O-O Qc7 12. g4 Bxd4 13. Bxd4 b5 14. Bg2 Bb7
15. Bxd5 b4 16. Ne4 exd5 17. Nd6+ Kf8 18. f5 Nxd4 19. Qxd4 Bc6 20. Nxf7 Kxf7
21. e6+ Kg8 22. exd7 Qxd7 23. Qxb4 Kf7 24. g5 Rhf8 25. f6 Rae8 26. g6+ hxg6 27.
fxg7 Kxg7 28. Qd4+ Rf6 29. Rhf1 Qd6 30. h4 Qe5 0-1